Statistics for New Mexico Trivia

Click here to take the quiz!

General Stats

  • This quiz has been taken 80 times
  • The average score is 12 of 20

Answer Stats

HintAnswer% Correct
Capital citySanta Fe
91%
Most populous cityAlbuquerque
91%
Northwestern regionFour {Corners}
91%
Longest riverRio Grande
87%
Site of the 1947 UFO incidentRoswell
78%
Famous TV-series
based in New Mexico
Breaking Bad
74%
Largest Indian reservationNavajo
70%
State nicknameLand of
{Enchantment}
68%
Bordering Mexican stateChihuahua
65%
Major mountain range
in the central-north
Rockies
64%
Second most populous cityLas Cruces
62%
Site of WWII atomic bomb makersLos Alamos
52%
Festival the above hosts
each October
{Balloon} Fiesta
51%
Famous desert
National Monuments
White Sands
48%
Object on the flagZia Sun
48%
New Mexico's only national parkCarlsbad Caverns
42%
Green Chile capital of the worldHatch
35%
State animalBlack Bear
32%
State flowerYucca
26%
Historic park famous
for its pueblos
Chaco
16%

Score Distribution

Percentile by Number Answered

Percent of People with Each Score

Your Score History

You have not taken this quiz